000 00665nam a2200241Ia 4500
003 OSt
005 20221005115742.0
006 a|||||r|||| 00| 0
007 ta
008 221004b |||||||| |||| 00| 0 eng d
024 _a25295
037 _cTextual
040 _aCRL
_cCRL
_beng
041 _2eng
_aeng
082 _aY:1:7.45, M8
245 0 _aCollection of legislative texts concerning the protection of movable cultural property
_b Islamic Republic of Iran
260 _c1988
300 _a24p.
_ccm.
650 _a SOCIOLOGY
650 _aIRAN - CIVILIZATION
_9180239
942 _hY:1:7.45, M8
_cTEXL
_2cc
999 _c1035778
_d1035778